000 01500cad a22002775a 4500
001 L158751
008 101207s2014 xxk 000 0 eng u
035 _a(Sirsi) u158751
041 0 _aeng
110 2 _aRoyal Institution of Chartered Surveyors
_94900
245 0 5 _aBest practice for Registered Valuers
_h[electronic resource]
260 _c2014
490 0 _aRICS Conditions of Engagement
490 _aRICS Appraisal and Valuation Standards
505 2 _aRed Book terms of engagement and valuation report guidance -- Terms of engagement template -- Terms of engagement covering letter -- Valuation instruction form -- Valuation report covering letter -- Valuation report template -- When should you accept or reject a valuation instruction? -- Audit trail - your first line of defence -- Valuer Registration Terms of Engagement -- Risk, Liability and Insurance in Valuation Work
520 _aIdentifies common areas where, by implementing some simple processes, Registered Valuers could ensure that they are following best practice. Offers terms of engagement and valuation report templates.
521 _aAdvanced
590 _aKA
650 2 4 _aVALUATION REPORT
650 2 4 _aINSTRUCTIONS
650 2 4 _aTERMS OF ENGAGEMENT
651 4 _aUnited Kingdom
_y
690 _aValuation
_96273
856 4 1 _uhttps://www.rics.org/uk/regulation1/firm-and-individual-guidance/valuer-registration/best-practice-for-registered-valuers/
_zView the website at www.rics.org...
942 _n0
999 _c121037
_d121037